[Event "23. Memorial Kochana - B"]
[Site "Koszalin"]
[Date "2012.08.16"]
[Round "7.4"]
[White "Osinski, Kamil"]
[Black "Pilat, Wieslaw"]
[Result "1/2-1/2"]
[WhiteElo "1713"]
[BlackElo "1899"]
[PlyCount "98"]
[EventDate "2012.??.??"]

1. e4 e6 2. d4 d5 3. Nd2 Nf6 4. e5 Nfd7 5. f4 c5 6. c3 Nc6 7. Ngf3 Qb6 8. Nb3
c4 9. Nbd2 Qa5 10. Qc2 b5 11. g4 Be7 12. Be2 Nb6 13. Nf1 b4 14. Bd1 Bd7 15. Ng3
Rb8 16. f5 bxc3 17. bxc3 Na4 18. Ne2 Nd8 19. O-O h5 20. Ng5 Bxg5 21. Bxg5 Rb2
22. Qc1 Qb6 23. Rf2 exf5 24. Bxd8 Kxd8 25. Qg5+ Ke8 26. Qxg7 Qh6 27. Qxh6 Rxh6
28. gxf5 Rhb6 29. Kg2 Rd2 30. Bxa4 Bxa4 31. Nf4 Rxf2+ 32. Kxf2 Rb2+ 33. Ke3 Bc6
34. Ne2 Bd7 35. Nf4 Bxf5 36. Nxh5 Be6 37. Nf6+ Kd8 38. h4 Rc2 39. h5 Rxc3+ 40.
Ke2 Rc2+ 41. Ke3 Rh2 42. a4 c3 43. Rc1 c2 44. Kd3 Bf5+ 45. Kc3 Rh3+ 46. Kb2 Rh4
47. Kc3 Rh3+ 48. Kb2 Rh4 49. Kc3 Rh3+ 1/2-1/2

[Event "23. Memorial Kochana - B"]
[Site "Koszalin"]
[Date "2012.08.16"]
[Round "7.5"]
[White "Osinski, Emil"]
[Black "Siwon, Zbigniew"]
[Result "1-0"]
[WhiteElo "1839"]
[BlackElo "1792"]
[PlyCount "101"]
[EventDate "2012.??.??"]

1. e4 c6 2. d4 d5 3. Nd2 dxe4 4. Nxe4 Bf5 5. Ng3 Bg6 6. Nh3 h6 7. Nf4 Bh7 8.
Bc4 Nd7 9. Qh5 g6 10. Qf3 Ngf6 11. Qb3 e6 12. Qxb7 Qc8 13. Ba6 Qxb7 14. Bxb7
Rb8 15. Bxc6 Bg7 16. c3 O-O 17. O-O e5 18. Nfe2 exd4 19. Nxd4 Nb6 20. Bf4 Rbc8
21. Rac1 Nfd5 22. Bxd5 Nxd5 23. Bd6 Rfd8 24. Ba3 Bxd4 25. cxd4 g5 26. Rxc8 Rxc8
27. Bc5 a5 28. f3 Nf4 29. Ne4 Nd3 30. Nf6+ Kg7 31. Nxh7 Kxh7 32. Rb1 Kg7 33.
Kf1 Kf6 34. b3 Ke6 35. Rd1 Nxc5 36. Rc1 Kd5 37. Rxc5+ Rxc5 38. dxc5 Kxc5 39. a3
Kd4 40. Ke2 Kc3 41. b4 axb4 42. axb4 Kxb4 43. Ke3 Kc3 44. g4 Kc2 45. f4 f6 46.
fxg5 fxg5 47. Ke4 Kd2 48. Kf5 Ke3 49. Kg6 Kf4 50. h3 Kg3 51. Kxh6 1-0

[Event "23. Memorial Kochana - B"]
[Site "Koszalin"]
[Date "2012.08.16"]
[Round "7.6"]
[White "Czaplewska, Klara"]
[Black "Kiolbasa, Damian"]
[Result "0-1"]
[WhiteElo "1747"]
[BlackElo "1826"]
[PlyCount "108"]
[EventDate "2012.??.??"]

1. e4 c5 2. Nf3 Nc6 3. d4 cxd4 4. Nxd4 g6 5. Nc3 Bg7 6. Be3 Nf6 7. Be2 O-O 8.
O-O d6 9. f4 Qb6 10. Na4 Qa5 11. Nc3 Qb4 12. a3 Qa5 13. Qd2 Bg4 14. Rad1 Bxe2
15. Qxe2 a6 16. Qf3 Rac8 17. Nxc6 bxc6 18. Bd4 e5 19. fxe5 dxe5 20. Be3 Rb8 21.
Bg5 Rxb2 22. Nb1 Qc5+ 23. Kh1 Nh5 24. Rd7 f6 25. Be3 Qxc2 26. Nd2 Qc3 27. g4
Nf4 28. Qg3 Rc2 29. Bxf4 exf4 30. Qxf4 Qe5 31. Qe3 Qe6 32. Qa7 Rf7 33. Rd8+ Bf8
34. Qxa6 Qxg4 35. Qd3 Rc5 36. Rg1 Qe6 37. Nb3 Rh5 38. Nd4 Qe5 39. Qe2 Rh4 40.
Re1 Qc7 41. Re8 Qd7 42. Qf2 Rxh2+ 43. Qxh2 Qxe8 44. Qg3 c5 45. Nc2 Qe5 46. Qb3
Kg7 47. a4 Rc7 48. a5 c4 49. Qb6 Bc5 50. Qb5 Qh5+ 51. Kg2 Qg4+ 52. Kh2 Qf4+ 53.
Kh1 Qf3+ 54. Kh2 Bf2 0-1

[Event "23. Memorial Kochana - B"]
[Site "Koszalin"]
[Date "2012.08.16"]
[Round "7.7"]
[White "Lebiedowicz, Borys"]
[Black "Malaczek, Mateusz"]
[Result "0-1"]
[WhiteElo "1730"]
[BlackElo "1822"]
[PlyCount "100"]
[EventDate "2012.??.??"]

1. e4 c5 2. Nf3 Nc6 3. d4 cxd4 4. Nxd4 g6 5. Nc3 Bg7 6. Be3 Nf6 7. Be2 O-O 8.
Nxc6 dxc6 9. O-O Qa5 10. h3 Qb4 11. Qd3 Be6 12. a3 Qa5 13. Qd2 Rfd8 14. Qe1 Ne8
15. f4 Nd6 16. e5 Nf5 17. b4 Qc7 18. Bf2 f6 19. exf6 Bxf6 20. Bd3 Bf7 21. g4
Nd4 22. Bh4 Qb6 23. Kh2 Bxh4 24. Qxh4 Nxc2 25. Rac1 Ne3 26. Be2 Nxf1+ 27. Rxf1
Rd2 28. Rf3 Qd4 29. Qg3 Bc4 30. Re3 Rf8 31. Re4 Rxe2+ 32. Rxe2 Bxe2 33. Nxe2
Qb2 34. Qe3 e5 35. fxe5 Re8 36. e6 Qa2 37. e7 Qf7 38. Kg3 Qxe7 39. Qxe7 Rxe7
40. Kf3 Rxe2 41. Kxe2 Kf7 42. Kf3 Ke6 43. Ke4 b6 44. g5 c5 45. bxc5 bxc5 46. a4
a5 47. h4 Kd6 48. Ke3 Kd5 49. Kd3 c4+ 50. Kc3 Kc5 0-1

[Event "23. Memorial Kochana - B"]
[Site "Koszalin"]
[Date "2012.08.16"]
[Round "7.8"]
[White "Fronczak, Sebastian"]
[Black "Januszkiewicz, Wojciech"]
[Result "1/2-1/2"]
[WhiteElo "1747"]
[BlackElo "1766"]
[PlyCount "40"]
[EventDate "2012.??.??"]

1. e4 c5 2. c3 d5 3. exd5 Qxd5 4. d4 Nf6 5. Nf3 e6 6. Na3 Qd8 7. Nc2 Be7 8. Bc4
Qc7 9. Bb5+ Bd7 10. Bxd7+ Nbxd7 11. O-O O-O 12. Bg5 Rfe8 13. Re1 cxd4 14. Ncxd4
Nc5 15. Qc2 Rac8 16. Rad1 Na6 17. Qe2 Nc5 18. Qc2 Na6 19. Qe2 Nc5 20. Qc2 Na6
1/2-1/2

[Event "23. Memorial Kochana - B"]
[Site "Koszalin"]
[Date "2012.08.16"]
[Round "7.9"]
[White "Przerwa, Waldemar"]
[Black "Kowalski, Maciej"]
[Result "0-1"]
[WhiteElo "1807"]
[BlackElo "1851"]
[PlyCount "64"]
[EventDate "2012.??.??"]

1. g3 Nf6 2. Bg2 e5 3. c4 g6 4. b3 Bg7 5. Bb2 d6 6. d4 exd4 7. Qxd4 Nc6 8.
Bxc6+ bxc6 9. Nd2 Qe7 10. O-O-O c5 11. Qc3 O-O 12. f3 a5 13. a4 Bb7 14. e4 Rfb8
15. Nh3 Bc6 16. Qd3 Rb7 17. Bc3 Rab8 18. Nf4 Bh6 19. Kc2 Nd7 20. Rb1 Ne5 21.
Bxe5 Qxe5 22. Nd5 Bg7 23. f4 Qe8 24. h4 Bxa4 25. bxa4 Qxa4+ 26. Kc1 Bb2+ 27.
Rxb2 Rxb2 28. Nc3 Qa1+ 29. Ndb1 a4 30. Rd1 a3 31. Rd2 a2 32. Rxb2 Qxb2+ 0-1

[Event "23. Memorial Kochana - B"]
[Site "Koszalin"]
[Date "2012.08.16"]
[Round "7.12"]
[White "Belczewski, Jacek"]
[Black "Szmidt, Przemyslaw"]
[Result "0-1"]
[WhiteElo "1498"]
[BlackElo "1936"]
[PlyCount "68"]
[EventDate "2012.??.??"]

1. c4 Nc6 2. Nc3 d6 3. g3 e5 4. Bg2 f5 5. e3 e4 6. Nge2 Ne5 7. O-O Bd7 8. b3
Nf6 9. Nf4 Qe7 10. d4 Nf7 11. Nfd5 Nxd5 12. Nxd5 Qd8 13. Bb2 c6 14. Nc3 Qe7 15.
b4 h5 16. a4 h4 17. f4 Qe6 18. d5 Qg6 19. Qe1 Be7 20. dxc6 bxc6 21. b5 Be6 22.
Qf2 Bxc4 23. Rfd1 Nh6 24. h3 hxg3 25. Qe1 Ng4 26. Nxe4 d5 27. Ng5 Nf2 28. Rdb1
Bxg5 29. fxg5 Nxh3+ 30. Bxh3 Rxh3 31. bxc6 Qh5 32. Qc3 Rh1+ 33. Kg2 Qh2+ 34.
Kf3 Qf2# 0-1

[Event "23. Memorial Kochana - B"]
[Site "Koszalin"]
[Date "2012.08.16"]
[Round "7.15"]
[White "Wasilewski, Leszek"]
[Black "Pijewski, Milosz"]
[Result "0-1"]
[WhiteElo "1353"]
[BlackElo "1511"]
[PlyCount "122"]
[EventDate "2012.??.??"]

1. d4 d5 2. c4 c6 3. Nc3 e6 4. Nf3 Nd7 5. Bf4 Ngf6 6. e3 Be7 7. Bd3 O-O 8. cxd5
exd5 9. O-O h6 10. Qc2 Nh5 11. Rae1 Nxf4 12. exf4 Bf6 13. Ne5 Qb6 14. Rd1 Kh8
15. Be2 Nxe5 16. dxe5 Be7 17. Bf3 g6 18. Ne2 Bf5 19. Qc3 a5 20. Nd4 Bb4 21. Qe3
Bc5 22. Qc3 Bxd4 23. Rxd4 Qa6 24. g4 Be6 25. Qc2 Rg8 26. Be2 Qb6 27. Rd3 Qb4
28. Qc1 Kg7 29. f5 gxf5 30. Rh3 Rh8 31. g5 h5 32. Rxh5 Rxh5 33. Bxh5 Qh4 34.
Bf3 Rh8 35. Rd1 Qxh2+ 36. Kf1 Qxe5 37. Qc3 Qxc3 38. bxc3 Kg6 39. Ke2 Kxg5 40.
Ke3 Kf6 41. Kd4 b6 42. Rb1 Rb8 43. a3 c5+ 44. Kd3 Ke5 45. Rb2 b5 46. Be2 b4 47.
Bd1 bxa3 48. Ra2 Rb2 49. Rxa3 Rxf2 50. Rxa5 c4+ 51. Ke3 Rh2 52. Ra3 f4+ 53. Kf3
Rh3+ 54. Kf2 Rh2+ 55. Kg1 Rd2 56. Bf3 Rd3 57. Bg2 Bh3 58. Bh1 f3 59. Ra7 Rd1+
60. Kh2 f2 61. Bg2 Bxg2 0-1

[Event "23. Memorial Kochana - B"]
[Site "Koszalin"]
[Date "2012.08.16"]
[Round "7.16"]
[White "Mucha, Krzysztof"]
[Black "Cwirko, Mateusz"]
[Result "1-0"]
[WhiteElo "1890"]
[BlackElo "1436"]
[PlyCount "62"]
[EventDate "2012.??.??"]

1. e4 c5 2. Nf3 Nc6 3. d4 cxd4 4. Nxd4 e5 5. Nb5 d6 6. N1c3 a6 7. Na3 b5 8. Nd5
Nf6 9. Bg5 Be7 10. Bxf6 Bxf6 11. c3 O-O 12. Nc2 Bb7 13. a4 bxa4 14. Rxa4 a5 15.
Bc4 Bg5 16. h4 Bh6 17. g4 g6 18. g5 Bg7 19. Qg4 Bc8 20. Qg3 Ba6 21. Ba2 Bb5 22.
Ra3 Ne7 23. h5 Nxd5 24. Bxd5 Ra7 25. hxg6 hxg6 26. Qh4 Re8 27. c4 Bd7 28. Rf3
Be6 29. Qh7+ Kf8 30. Qxg6 Bxd5 31. Rh7 Be6 1-0

[Event "23. Memorial Kochana - B"]
[Site "Koszalin"]
[Date "2012.08.16"]
[Round "7.19"]
[White "Trembowiecka-wysota, Aleksandra"]
[Black "Dura, Damian"]
[Result "0-1"]
[WhiteElo "1417"]
[BlackElo "1617"]
[PlyCount "76"]
[EventDate "2012.??.??"]

1. e4 e5 2. Nf3 Nc6 3. d4 exd4 4. Nxd4 Bc5 5. Nb3 Bb6 6. Nc3 d6 7. Be2 Nge7 8.
O-O O-O 9. Kh1 f5 10. f4 fxe4 11. Nxe4 Bf5 12. Nf2 Nb4 13. Bd3 Nxd3 14. Nxd3
Qd7 15. Nf2 Kh8 16. c3 c6 17. Nd4 Bg6 18. Nh3 c5 19. Nc2 Rae8 20. Ne3 d5 21.
Nc4 Bc7 22. Re1 Bf5 23. Ne5 Bxe5 24. Rxe5 b6 25. Ng5 Ng6 26. Rxe8 Rxe8 27. Bd2
Bg4 28. Qf1 Re2 29. Rd1 Qe7 30. h3 Bf5 31. Nf7+ Kg8 32. Ne5 Re4 33. g4 Nxe5 34.
fxe5 Bxg4 35. hxg4 Qh4+ 36. Kg2 Rxg4+ 37. Kf3 Qg3+ 38. Ke2 Re4+ 0-1

[Event "23. Memorial Kochana"]
[Site "Koszalin"]
[Date "2012.08.17"]
[Round "8.1"]
[White "Shishkin, Vadim"]
[Black "Sieciechowicz, Marcin"]
[Result "1-0"]
[WhiteElo "2485"]
[BlackElo "2441"]
[PlyCount "59"]
[EventDate "2012.??.??"]

1. d4 Nf6 2. c4 g6 3. Nc3 d5 4. cxd5 Nxd5 5. Bd2 Bg7 6. e4 Nb6 7. Be3 O-O 8. h3
Nc6 9. Nf3 f5 10. exf5 Bxf5 11. Qb3+ Kh8 12. d5 Ne5 13. Nxe5 Bxe5 14. g4 Bd7
15. Bg2 Qe8 16. O-O Qf7 17. Rae1 Bg7 18. Bc5 Rfe8 19. a4 Rab8 20. Re3 e5 21. a5
Nc8 22. Ne4 Bh6 23. f4 exf4 24. Qc3+ Bg7 25. Ng5 Qg8 26. Rxe8 Bxe8 27. Bd4
Bxd4+ 28. Qxd4+ Qg7 29. Rxf4 Ne7 30. Ne6 1-0

[Event "23. Memorial Kochana"]
[Site "Koszalin"]
[Date "2012.08.17"]
[Round "8.2"]
[White "Ovsejevitsch, Sergei"]
[Black "Rawicz, Karol"]
[Result "1-0"]
[WhiteElo "2561"]
[BlackElo "2261"]
[PlyCount "83"]
[EventDate "2012.??.??"]

1. d4 d5 2. c4 e6 3. Nc3 Nf6 4. cxd5 exd5 5. Bg5 Nbd7 6. e3 Be7 7. Bd3 O-O 8.
Qc2 Re8 9. Nf3 c6 10. O-O Nf8 11. h3 Ne4 12. Bf4 f5 13. Bh2 Ng6 14. Rab1 Bd6
15. b4 a6 16. a4 Bxh2+ 17. Kxh2 Qd6+ 18. Kg1 Bd7 19. Ne2 Re7 20. Qc1 Qf6 21. b5
axb5 22. axb5 h6 23. bxc6 bxc6 24. Rb7 Rf8 25. Nf4 Ng5 26. Ne5 Nxe5 27. dxe5
Qf7 28. Be2 g6 29. Qa3 Kg7 30. Ra1 Rfe8 31. h4 Ne6 32. Qd6 Nxf4 33. exf4 Be6
34. Rxe7 Qxe7 35. Qxc6 d4 36. Qb6 Rd8 37. Ra7 Rd7 38. Ra6 d3 39. Bd1 Kf7 40. h5
Rb7 41. hxg6+ Kg7 42. Qxe6 1-0

[Event "23. Memorial Kochana"]
[Site "Koszalin"]
[Date "2012.08.17"]
[Round "8.3"]
[White "Adamowicz, Maciej"]
[Black "Malaniuk, Vladimir P"]
[Result "0-1"]
[WhiteElo "1969"]
[BlackElo "2523"]
[PlyCount "184"]
[EventDate "2012.??.??"]

1. c4 e5 2. g3 Nf6 3. Bg2 d5 4. cxd5 Nxd5 5. Nc3 Nb6 6. Nf3 Nc6 7. O-O Be7 8.
a3 O-O 9. b4 Be6 10. d3 a5 11. b5 Nd4 12. Bb2 f6 13. Nxd4 exd4 14. Na4 Bd5 15.
Nxb6 cxb6 16. Qa4 Bc5 17. Rac1 Bxg2 18. Kxg2 Qd5+ 19. Kg1 Rfe8 20. Rfe1 Kh8 21.
Rc2 Rad8 22. Qc4 Qd7 23. Kg2 h6 24. Bc1 Re5 25. Bb2 Rh5 26. h4 Rd5 27. Rec1 Re8
28. Rh1 Kh7 29. Re1 Rd6 30. Bc1 Rd5 31. Bb2 Rd8 32. Rh1 Kh8 33. Rhc1 f5 34. f4
Re8 35. Rf1 Rd6 36. Bc1 Rd5 37. Qb3 Kh7 38. a4 Qd6 39. Rf2 Rd8 40. Bd2 Qe7 41.
Qc4 Qe8 42. Qb3 R8d7 43. Qa2 Qd8 44. Kf1 Rc7 45. Rc1 Rdd7 46. Kg2 Qe8 47. Rc2
Qh5 48. Be1 Qg4 49. Rf3 Rd6 50. Bf2 Re7 51. Be1 Rde6 52. Bf2 Rg6 53. Qd5 Rd6
54. Qa2 Qg6 55. Be1 Rc7 56. Rf1 Qe8 57. Rf2 Rd8 58. Rf1 Qe7 59. Bf2 Qd6 60. Rh1
Re7 61. Be1 Rc8 62. Bf2 Rce8 63. Be1 g6 64. Rf1 Kg7 65. Rf3 Kf8 66. Rf1 Re6 67.
Rf3 R8e7 68. Rf2 Ke8 69. Qc4 Rc7 70. Rf1 Kd8 71. g4 Kc8 72. g5 Rce7 73. Bg3 Kb8
74. Qa2 Ka7 75. Be1 Rc7 76. Rf2 Re8 77. Qb3 Rec8 78. Rf1 Ba3 79. Bg3 Rc3 80.
Ra2 R8c7 81. Qg8 Bc1 82. Ra1 Bb2 83. Rab1 Rc2 84. Rf2 Bc1 85. Kf3 Re7 86. Qb3
Qc5 87. Kg2 Rexe2 88. Rxe2 Rxe2+ 89. Kf1 Rc2 90. Ra1 Rc3 91. Qd1 Be3 92. Be1
Qd5 0-1

[Event "23. Memorial Kochana"]
[Site "Koszalin"]
[Date "2012.08.17"]
[Round "8.4"]
[White "Mielczarski, Miroslaw"]
[Black "Weichhold, Pawel"]
[Result "0-1"]
[WhiteElo "2238"]
[BlackElo "2365"]
[PlyCount "63"]
[EventDate "2012.??.??"]

1. Nf3 Nf6 2. g3 g6 3. Bg2 Bg7 4. O-O O-O 5. d3 c5 6. e4 Nc6 7. c3 d6 8. Nbd2
Rb8 9. a4 a6 10. Qe2 b5 11. axb5 axb5 12. d4 Nd7 13. Nb3 Qb6 14. d5 Nce5 15.
Nxe5 Nxe5 16. Be3 Nc4 17. Bg5 e6 18. Bh3 exd5 19. Bxc8 Rfxc8 20. exd5 Re8 21.
Qc2 Qb7 22. Rad1 b4 23. Nd2 Nxb2 24. Qxb2 Qxd5 25. Bf4 bxc3 26. Qc1 cxd2 27.
Rxd2 Bd4 28. Qa3 g5 29. Be3 Rb3 30. Qa5 Rbxe3 31. Rxd4 Qxd4 32. fxe3 0-1

[Event "23. Memorial Kochana"]
[Site "Koszalin"]
[Date "2012.08.17"]
[Round "8.5"]
[White "Tiba, Vladyslav"]
[Black "Sokolowski, Ryszard"]
[Result "1/2-1/2"]
[WhiteElo "2192"]
[BlackElo "2132"]
[PlyCount "62"]
[EventDate "2012.??.??"]

1. e4 d6 2. d4 Nf6 3. Nc3 e5 4. Nf3 Nbd7 5. Bc4 Be7 6. O-O O-O 7. Re1 c6 8. a4
b6 9. d5 c5 10. a5 a6 11. axb6 Nxb6 12. Be2 Ne8 13. Nd2 Nc7 14. Nf1 Bd7 15. Bg4
Nb5 16. Na2 g6 17. Bh6 Bxg4 18. Qxg4 f5 19. exf5 Rxf5 20. Ng3 Rf7 21. Rad1 Nd4
22. c3 Nf5 23. Nxf5 Rxf5 24. Nc1 Bf8 25. Be3 Nd7 26. Ne2 Rb8 27. Ng3 Rf7 28.
Re2 Nf6 29. Qc4 Qc8 30. Ra1 Qb7 31. Rd2 Qb5 1/2-1/2

[Event "23. Memorial Kochana"]
[Site "Koszalin"]
[Date "2012.08.17"]
[Round "8.7"]
[White "Jacek, Krystian"]
[Black "Kudas, Damian"]
[Result "1-0"]
[WhiteElo "2071"]
[BlackElo "2098"]
[PlyCount "91"]
[EventDate "2012.??.??"]

1. e4 c5 2. Nf3 Nc6 3. Nc3 Nf6 4. d4 cxd4 5. Nxd4 e5 6. Ndb5 d6 7. a4 a6 8. Na3
Be6 9. Bc4 Be7 10. Bg5 Nb4 11. Bxf6 Bxf6 12. O-O Rc8 13. Nd5 Nxd5 14. Bxd5 Qc7
15. c3 O-O 16. Qb3 Bxd5 17. Qxd5 Qc6 18. Rfd1 Be7 19. Nc2 Qxd5 20. Rxd5 g6 21.
Ne3 f5 22. exf5 gxf5 23. f4 Bd8 24. Rxd6 Bc7 25. Re6 Kf7 26. Rh6 Kg7 27. Rh3
Bb6 28. Kf1 Bxe3 29. Rxe3 exf4 30. Re7+ Rf7 31. Rxf7+ Kxf7 32. Rd1 Ke6 33. Rd4
Rc6 34. Rb4 b6 35. Rxf4 Rd6 36. Rh4 Ke5 37. Rxh7 Rd2 38. Re7+ Kf4 39. Re2 Rd1+
40. Kf2 Ra1 41. Re6 Rxa4 42. Rxb6 a5 43. g3+ Kg5 44. Kf3 Ra1 45. h4+ Kh5 46.
Rf6 1-0

[Event "23. Memorial Kochana - B"]
[Site "Koszalin"]
[Date "2012.08.17"]
[Round "8.1"]
[White "Bartoszewicz, Marcin"]
[Black "Tarczykowski, Janusz"]
[Result "1-0"]
[WhiteElo "1908"]
[BlackElo "1988"]
[PlyCount "139"]
[EventDate "2012.??.??"]

1. e4 Nf6 2. e5 Nd5 3. d4 d6 4. c4 Nb6 5. exd6 exd6 6. Nc3 Nc6 7. d5 Ne5 8. Be3
Be7 9. f4 Ng4 10. Bd4 O-O 11. Be2 Nh6 12. Nf3 Bg4 13. O-O Nf5 14. Bf2 Bf6 15.
Qd3 g6 16. h3 Bxf3 17. Bxf3 Nd7 18. Be4 Ng7 19. Rae1 Nc5 20. Qd2 Nxe4 21. Nxe4
Be7 22. Bd4 f5 23. Ng5 Bxg5 24. fxg5 Qd7 25. Bc3 Rae8 26. Qd4 a6 27. Kh2 Rf7
28. Rxe8+ Qxe8 29. Re1 Qd7 30. b4 Re7 31. Rxe7 Qxe7 32. h4 Kf8 33. a4 Qf7 34.
Qa7 Qe7 35. Qd4 Qf7 36. b5 Ne8 37. Kg3 Ke7 38. Kf4 Kd7 39. Qa7 Qe7 40. Qe3
Qxe3+ 41. Kxe3 Kc8 42. bxa6 bxa6 43. Kd4 Ng7 44. c5 Nh5 45. Bd2 Ng3 46. c6 Ne4
47. Bb4 Nf2 48. Kc4 Nd1 49. Bd2 Kb8 50. Kb4 Nb2 51. g3 Nd3+ 52. Ka5 Nc5 53. Be3
Ne4 54. Kxa6 Nxg3 55. Kb5 Ne4 56. a5 Nc3+ 57. Kc4 Nd1 58. Bd2 Nf2 59. a6 Ng4
60. Ba5 Ne3+ 61. Kd4 Nc2+ 62. Kd3 Na3 63. Bxc7+ Ka7 64. Bxd6 Nb5 65. Bc5+ Kxa6
66. d6 Nxd6 67. Bxd6 Kb6 68. c7 Kb7 69. Kd4 Kc8 70. Ke5 1-0

[Event "23. Memorial Kochana - B"]
[Site "Koszalin"]
[Date "2012.08.17"]
[Round "8.2"]
[White "Karwowski, Kacper"]
[Black "Osinski, Emil"]
[Result "1/2-1/2"]
[WhiteElo "1864"]
[BlackElo "1839"]
[PlyCount "52"]
[EventDate "2012.??.??"]

1. e4 c5 2. Nf3 e6 3. d4 cxd4 4. Nxd4 Nc6 5. Nc3 Qc7 6. Be3 a6 7. Be2 Nf6 8.
O-O b5 9. Nxc6 dxc6 10. f4 Be7 11. Bf3 Bb7 12. g4 h6 13. Ne2 c5 14. Ng3 Nd7 15.
c3 Bc6 16. e5 O-O 17. Qc2 c4 18. Bxc6 Qxc6 19. Qe4 Qc7 20. Rfd1 Rad8 21. Qf3
Nc5 22. Bxc5 Bxc5+ 23. Kg2 Rxd1 24. Rxd1 Rd8 25. Rxd8+ Qxd8 26. Ne4 Qd5 1/2-1/2

[Event "23. Memorial Kochana - B"]
[Site "Koszalin"]
[Date "2012.08.17"]
[Round "8.3"]
[White "Kiolbasa, Damian"]
[Black "Darowicki, Mariusz"]
[Result "1-0"]
[WhiteElo "1826"]
[BlackElo "1856"]
[PlyCount "83"]
[EventDate "2012.??.??"]

1. d4 d5 2. c4 e6 3. Nc3 c6 4. e3 f5 5. Bd3 Nf6 6. Nge2 Bd6 7. f3 O-O 8. c5 Bc7
9. b4 e5 10. dxe5 Bxe5 11. f4 Bc7 12. O-O Ne4 13. Bxe4 dxe4 14. Nd4 Qe7 15.
Qb3+ Qf7 16. Bb2 Qxb3 17. axb3 Na6 18. Ra4 Kf7 19. Rfa1 Bd8 20. Nb1 Bf6 21. Nd2
Bxd4 22. Bxd4 Be6 23. Nc4 Bxc4 24. bxc4 Rfc8 25. Kf2 Rc7 26. Be5 Rcc8 27. Bd6
Ke6 28. Ke2 g6 29. Kd2 h6 30. Kc3 g5 31. g3 g4 32. Kd4 Rd8 33. Kc3 Rdc8 34.
R4a2 h5 35. h3 gxh3 36. Rh2 Rg8 37. Rxh3 Rg6 38. b5 cxb5 39. cxb5 Nb8 40. Rxh5
Nd7 41. Rh7 Nf6 42. Re7+ 1-0

[Event "23. Memorial Kochana - B"]
[Site "Koszalin"]
[Date "2012.08.17"]
[Round "8.4"]
[White "Malaczek, Mateusz"]
[Black "Czernicki, Bogdan"]
[Result "1/2-1/2"]
[WhiteElo "1822"]
[BlackElo "1850"]
[PlyCount "135"]
[EventDate "2012.??.??"]

1. Nf3 Nf6 2. g3 g6 3. Bg2 Bg7 4. O-O O-O 5. c4 c5 6. Nc3 Nc6 7. a3 a5 8. d3 e5
9. Rb1 d6 10. Bd2 Bd7 11. Nb5 Qe7 12. Ne1 Rab8 13. Nc2 b6 14. b4 axb4 15. axb4
Nd4 16. Nc3 Nxc2 17. Qxc2 Be6 18. bxc5 bxc5 19. Rb3 Rxb3 20. Qxb3 Qd7 21. Rb1
Bh3 22. Bh1 h5 23. Qb6 Rc8 24. Ra1 Bf8 25. Ra7 Qe8 26. Nb5 Rb8 27. Qxb8 Qxb8
28. Ra8 Qxa8 29. Bxa8 Bd7 30. Ba5 Be7 31. Na7 Ne8 32. Bc6 Bxc6 33. Nxc6 Kf8 34.
e4 f6 35. f3 Kf7 36. Kf2 Ke6 37. Na7 f5 38. Nb5 Ng7 39. Nc7+ Kd7 40. Nd5 Ke6
41. Bd2 Bd8 42. f4 Ne8 43. fxe5 dxe5 44. Be3 fxe4 45. dxe4 Nd6 46. Nc3 Ba5 47.
Na4 Nxe4+ 48. Kf3 Kf5 49. Nxc5 Nd6 50. Nb3 Nxc4 51. Nxa5 Nxa5 52. h3 e4+ 53.
Ke2 Nc4 54. Bd4 g5 55. Bc3 Nb6 56. Bb2 Nd5 57. Bd4 h4 58. gxh4 Nf4+ 59. Kd2
gxh4 60. Bf2 Ng2 61. Be3 Nf4 62. Bf2 Nxh3 63. Bxh4 Kf4 64. Bd8 e3+ 65. Ke2 Ke4
66. Bb6 Nf4+ 67. Ke1 Nd3+ 68. Kf1 1/2-1/2

[Event "23. Memorial Kochana - B"]
[Site "Koszalin"]
[Date "2012.08.17"]
[Round "8.5"]
[White "Pilat, Wieslaw"]
[Black "Koszowski, Krystian"]
[Result "1-0"]
[WhiteElo "1899"]
[BlackElo "1677"]
[PlyCount "48"]
[EventDate "2012.??.??"]

1. e4 e5 2. Nf3 Nc6 3. d4 exd4 4. Nxd4 Qh4 5. Nb5 Qxe4+ 6. Be2 Kd8 7. O-O a6 8.
N5c3 Qd4 9. Qe1 Bc5 10. Nd2 Bb4 11. Nf3 Bxc3 12. bxc3 Qd5 13. Bf4 d6 14. Rd1
Qe4 15. Qd2 Nge7 16. Ng5 Qg6 17. Bc4 Be6 18. Bxe6 fxe6 19. Bxd6 cxd6 20. Qxd6+
Ke8 21. Nxe6 Kf7 22. Rfe1 h6 23. Qd7 Rhe8 24. Rd6 Kg8 1-0

[Event "23. Memorial Kochana - B"]
[Site "Koszalin"]
[Date "2012.08.17"]
[Round "8.6"]
[White "Kowalski, Maciej"]
[Black "Ziobrowska, Danuta"]
[Result "1-0"]
[WhiteElo "1851"]
[BlackElo "1621"]
[PlyCount "71"]
[EventDate "2012.??.??"]

1. e4 c6 2. Nf3 d5 3. Nc3 Bg4 4. h3 Bh5 5. d4 e6 6. Bd3 dxe4 7. Nxe4 Bxf3 8.
Qxf3 Qxd4 9. O-O Nd7 10. Be3 Qd5 11. Qe2 Ngf6 12. c4 Qh5 13. Qc2 Bc5 14. Bd2
O-O 15. Bc3 Nxe4 16. Bxe4 f5 17. Bf3 Qg6 18. Rad1 Rad8 19. Rfe1 Rfe8 20. Rd2
Nb6 21. Rde2 Bd4 22. Bxd4 Rxd4 23. b3 Kf7 24. Qc3 Qf6 25. Qa5 Nc8 26. g4 b6 27.
Qa6 e5 28. Qb7+ Qe7 29. Qxc6 e4 30. gxf5 Qg5+ 31. Bg2 Qxf5 32. Bxe4 Qg5+ 33.
Kh1 Ne7 34. Bd5+ Kf8 35. Qe6 Rxd5 36. cxd5 1-0

[Event "23. Memorial Kochana - B"]
[Site "Koszalin"]
[Date "2012.08.17"]
[Round "8.7"]
[White "Januszkiewicz, Wojciech"]
[Black "Osinski, Kamil"]
[Result "1-0"]
[WhiteElo "1766"]
[BlackElo "1713"]
[PlyCount "77"]
[EventDate "2012.??.??"]

1. e4 c5 2. Nf3 e6 3. d4 cxd4 4. Nxd4 Nf6 5. Nc3 Bb4 6. Bd3 e5 7. Nf5 O-O 8.
O-O Bxc3 9. bxc3 d5 10. Qf3 dxe4 11. Bxe4 Nxe4 12. Qxe4 Bxf5 13. Qxf5 Qc7 14.
Ba3 Re8 15. Rad1 Qxc3 16. Rd3 Qxc2 17. Rc1 Qxa2 18. Qxe5 Nc6 19. Qc3 Ne5 20.
Re3 Ng4 21. Bb2 f6 22. Rg3 Qe6 23. Qb4 a5 24. Qd2 b5 25. h3 Ne5 26. Rc7 Ng6 27.
Re3 Qf5 28. Rf3 Qb1+ 29. Kh2 Rad8 30. Rxg7+ Kxg7 31. Bxf6+ Kg8 32. Bxd8 Qe4 33.
Bxa5 Qe5+ 34. g3 Qe4 35. Re3 Qa8 36. Qa2+ Kg7 37. Bc3+ Kh6 38. Qd2 Nf4 39. gxf4
1-0

[Event "23. Memorial Kochana - B"]
[Site "Koszalin"]
[Date "2012.08.17"]
[Round "8.8"]
[White "Szmidt, Przemyslaw"]
[Black "Lebiedowicz, Borys"]
[Result "0-1"]
[WhiteElo "1936"]
[BlackElo "1730"]
[PlyCount "62"]
[EventDate "2012.??.??"]

1. e4 e5 2. Nc3 Bc5 3. f4 d6 4. Nf3 Nc6 5. Bb5 Bg4 6. Na4 Bxf3 7. Qxf3 Bb6 8.
Nxb6 axb6 9. Bxc6+ bxc6 10. O-O Nf6 11. fxe5 dxe5 12. d3 O-O 13. Bg5 Qd4+ 14.
Kh1 Nd7 15. c3 Qd6 16. a3 f6 17. Bh4 Nc5 18. Rad1 Ne6 19. Bg3 c5 20. Rd2 Qc6
21. Qe2 Ng5 22. Rfd1 c4 23. Re1 cxd3 24. Qxd3 Rad8 25. Qxd8 Rxd8 26. Rxd8+ Kf7
27. Red1 Nxe4 28. R8d3 Ke6 29. Re3 Nd6 30. Bf2 Qb5 31. c4 Qxc4 0-1

[Event "23. Memorial Kochana - B"]
[Site "Koszalin"]
[Date "2012.08.17"]
[Round "8.9"]
[White "Pijewski, Milosz"]
[Black "Siwon, Zbigniew"]
[Result "0-1"]
[WhiteElo "1511"]
[BlackElo "1792"]
[PlyCount "104"]
[EventDate "2012.??.??"]

1. d4 d5 2. c4 c6 3. Nc3 Nf6 4. e3 e6 5. Nf3 a6 6. Bd2 Be7 7. Bd3 dxc4 8. Bxc4
b5 9. Bb3 Nbd7 10. O-O O-O 11. a4 b4 12. Ne2 a5 13. Bc4 Bb7 14. Nf4 Nd5 15. e4
Nxf4 16. Bxf4 Nb6 17. Bd3 c5 18. dxc5 Bxc5 19. Rc1 Rc8 20. b3 Qe7 21. Qe2 Rfd8
22. Rc2 f6 23. Rfc1 e5 24. Be3 Bxe3 25. Qxe3 Qd6 26. Rxc8 Rxc8 27. Rxc8+ Bxc8
28. Nd2 Be6 29. Bb5 Nd7 30. Bxd7 Qxd7 31. Kf1 Qc7 32. Ke2 h6 33. Qd3 g6 34. Qb5
Kg7 35. f3 h5 36. h3 g5 37. g4 hxg4 38. hxg4 Kg6 39. Qd3 Bc8 40. Qc4 Qxc4+ 41.
bxc4 Bd7 42. Nb3 Bxa4 43. Nxa5 b3 44. Nxb3 Bxb3 45. c5 Kf7 46. Kd3 Ke7 47. Kc3
Bd1 48. Kb4 Kd7 49. f4 gxf4 50. g5 fxg5 51. Ka5 Kc6 52. Kb4 f3 0-1

[Event "23. Memorial Kochana - B"]
[Site "Koszalin"]
[Date "2012.08.17"]
[Round "8.11"]
[White "Los, Kazimierz"]
[Black "Fronczak, Sebastian"]
[Result "0-1"]
[WhiteElo "1356"]
[BlackElo "1747"]
[PlyCount "80"]
[EventDate "2012.??.??"]

1. d4 c5 2. e3 cxd4 3. exd4 g6 4. Nf3 Bg7 5. c3 Nf6 6. Bg5 O-O 7. Bd3 d5 8. h3
Nc6 9. O-O Qc7 10. Re1 Re8 11. Ne5 Nxe5 12. Bf4 Nfd7 13. dxe5 Bxe5 14. Bxe5
Nxe5 15. Bc2 Be6 16. Qd4 Nc6 17. Qe3 Qb6 18. Qxb6 axb6 19. Nd2 Red8 20. Bb3 d4
21. c4 Na5 22. Red1 Rac8 23. Rac1 Kg7 24. Re1 Rc7 25. Re4 Bf5 26. Ree1 Rdc8 27.
f4 b5 28. c5 Kf8 29. g4 Bd3 30. Bd1 b4 31. Nf3 b6 32. Nxd4 bxc5 33. Nf3 c4 34.
Re5 Nc6 35. Rc5 Nd4 36. Rxc7 Nxf3+ 37. Bxf3 Rxc7 38. Kf2 Ra7 39. Ra1 b3 40. a3
c3 0-1